00725nam a22002177a 4500003000500000005001700005008004100022010000900063011000900072035000900081040000900090100001700099245009300116260008500209300001800294490005200312650002600364650002700390650003800417830005200455CHAP20220329133451.0971013s1992 r 00010 d a6708 a7680 a6904 cCHAP00aSmith, F. W. aFoliar symptoms of nutrient disorders in the tropical shrub legume Leucaena leucocephala aMelbourne :bCommonwealth Scientific and Industrial Research Organization,c1992 a14 p.b: ilus aDiv. of Trop. Crops and Past. Tech. Paperv; 3214aDiagnóstico foliar.14aLeucaena leucocephala.14aPlantasxDeficiencias nutritivas.0 aDiv. of Trop. Crops and Past. Tech. Paperv; 32